Strafprozeß und allgemeines Mißbrauchsverbot: Anwendbarkeit und Konsequenzen eines ungeschriebenen Mißbrauchsverbots für die Ausübung strafprozessualer Verteidigungsbefugnisse
| 1. VerfasserIn: | |
|---|---|
| Medienart: | Druck Buch |
| Sprache: | Deutsch |
| Veröffentlicht: |
Berlin
Duncker und Humblot
1998
|
| In: |
Strafrechtliche Abhandlungen (N.F., 114)
Jahr: 1998 |
| Online-Zugang: |
Inhaltstext Inhaltstext (Verlag) Inhaltsverzeichnis (kostenfrei) Verlagsinformation |
| Verfügbarkeit prüfen: | HBZ Gateway |
| Subito Bestelldienst: | Jetzt bestellen. |
| Schlagwörter: |
MARC
| LEADER | 00000cam a2200000 c 4500 | ||
|---|---|---|---|
| 001 | 250705494 | ||
| 003 | DE-627 | ||
| 005 | 20260206203624.0 | ||
| 007 | tu | ||
| 008 | 981102s1998 gw ||||| m 00| ||ger c | ||
| 015 | |a 98,N46,0180 |2 dnb | ||
| 015 | |a 99,A23,0613 |2 dnb | ||
| 016 | 7 | |a 954901169 |2 DE-101 | |
| 020 | |a 3428095278 |c : DM 112.00, sfr 99.50, S 818.00 (brosch.) |9 3-428-09527-8 | ||
| 035 | |a (DE-627)250705494 | ||
| 035 | |a (DE-603)060328037 | ||
| 035 | |a (DE-576)070320608 | ||
| 035 | |a (DE-599)GBV250705494 | ||
| 035 | |a (OCoLC)237323472 | ||
| 035 | |a (OCoLC)237323472 | ||
| 040 | |a DE-627 |b ger |c DE-627 |e rakwb | ||
| 041 | |a ger | ||
| 044 | |c XA-DE | ||
| 084 | |a 19 |2 sdnb | ||
| 084 | |a PH 4830 |2 rvk |0 (DE-625)rvk/136153: | ||
| 084 | |a PH 5150 |2 rvk |0 (DE-625)rvk/136186: | ||
| 084 | |a PH 2100 |2 rvk |0 (DE-625)rvk/135978: | ||
| 084 | |a 86.36 |2 bkl | ||
| 100 | 1 | |a Kudlich, Hans |d 1970- |0 (DE-588)129211451 |0 (DE-627)391014633 |0 (DE-576)164154159 |4 aut | |
| 109 | |a Kudlich, Hans 1970- | ||
| 245 | 1 | 0 | |a Strafprozeß und allgemeines Mißbrauchsverbot |b Anwendbarkeit und Konsequenzen eines ungeschriebenen Mißbrauchsverbots für die Ausübung strafprozessualer Verteidigungsbefugnisse |c von Hans Kudlich |
| 263 | |a brosch. : DM 112.00, sfr 99.50, S 818.00 | ||
| 264 | 1 | |a Berlin |b Duncker und Humblot |c 1998 | |
| 300 | |a 389 S | ||
| 336 | |a Text |b txt |2 rdacontent | ||
| 337 | |a ohne Hilfsmittel zu benutzen |b n |2 rdamedia | ||
| 338 | |a Band |b nc |2 rdacarrier | ||
| 490 | 1 | |a Strafrechtliche Abhandlungen |v N.F., 114 | |
| 502 | |a Zugl.: Würzburg, Univ., Diss. : 1997-1998 | ||
| 583 | 1 | |a Archivierung prüfen |c 20240324 |f DE-4165 |z 3 |2 pdager | |
| 655 | 7 | |a Hochschulschrift |0 (DE-588)4113937-9 |0 (DE-627)105825778 |0 (DE-576)209480580 |2 gnd-content | |
| 689 | 0 | 0 | |d g |0 (DE-588)4011882-4 |0 (DE-627)104704861 |0 (DE-576)208896155 |a Deutschland |2 gnd |
| 689 | 0 | 1 | |d s |0 (DE-588)4116634-6 |0 (DE-627)105805297 |0 (DE-576)209503203 |a Strafverfahren |2 gnd |
| 689 | 0 | 2 | |d s |0 (DE-588)4048806-8 |0 (DE-627)10618945X |0 (DE-576)209079347 |a Rechtsmissbrauch |2 gnd |
| 689 | 0 | |5 DE-101 | |
| 751 | |a Würzburg |0 (DE-588)4067037-5 |0 (DE-627)10611073X |0 (DE-576)209167939 |4 uvp | ||
| 830 | 0 | |a Strafrechtliche Abhandlungen |v N.F., 114 |9 NF,114 |w (DE-627)130113891 |w (DE-576)015644383 |w (DE-600)504194-6 |x 0720-7271 |7 am | |
| 856 | 4 | 2 | |u https://swbplus.bsz-bw.de/bsz070320608vlg-1.htm |m B:DE-576;dunckerHumblot |q text/html |v 20090602182746 |x Verlag |3 Inhaltstext |7 1 |
| 856 | 4 | 2 | |u https://swbplus.bsz-bw.de/bsz070320608vlg.htm |m V:DE-576 |v 2006-08-08 |3 Inhaltstext |7 1 |
| 856 | 4 | 2 | |u http://scans.hebis.de/HEBCGI/show.pl?06032803_vlg.html |m V:DE-576 |q text/html |3 Verlagsinformation |7 1 |
| 856 | 4 | 2 | |u http://www.gbv.de/dms/spk/sbb/recht/toc/293013756.pdf |x Verlag |z kostenfrei |3 Inhaltsverzeichnis |7 0 |
| 935 | |i Blocktest | ||
| 935 | |h HEB |i 0501 | ||
| 935 | |h HEB |i 0503 | ||
| 936 | r | v | |a PH 4830 |b Angeklagter, Verteidiger |k Rechtswissenschaft |k Strafrecht, Strafverfahrensrecht, Kriminologie |k Strafverfahrensrecht |k Rechtsstellung der Verfahrensbeteiligten |k Angeklagter, Verteidiger |0 (DE-627)1271739852 |0 (DE-625)rvk/136153: |0 (DE-576)201739852 |
| 936 | r | v | |a PH 5150 |b Sonstige Einzeldarstellungen |k Rechtswissenschaft |k Strafrecht, Strafverfahrensrecht, Kriminologie |k Strafverfahrensrecht |k Sonstige Einzeldarstellungen |0 (DE-627)1271954761 |0 (DE-625)rvk/136186: |0 (DE-576)201954761 |
| 936 | r | v | |a PH 2100 |b Schriftenreihen, Serien |k Rechtswissenschaft |k Strafrecht, Strafverfahrensrecht, Kriminologie |k Allgemeines und Geschichte |k Allgemeines |k Schriftenreihen, Serien |0 (DE-627)1275295363 |0 (DE-625)rvk/135978: |0 (DE-576)205295363 |
| 936 | b | k | |a 86.36 |j Strafprozessrecht |0 (DE-627)106413570 |
| 936 | s | n | |a p100 |2 mzub |
| 951 | |a BO | ||
| ELC | |b 1 | ||
| LOK | |0 000 xxxxxcx a22 zn 4500 | ||
| LOK | |0 001 327987923X | ||
| LOK | |0 003 DE-627 | ||
| LOK | |0 004 250705494 | ||
| LOK | |0 005 20151116135018 | ||
| LOK | |0 008 150728||||||||||||||||ger||||||| | ||
| LOK | |0 040 |a DE-21-110 |c DE-627 |d DE-21-110 | ||
| LOK | |0 689 |a s |a Strafverteidigung | ||
| LOK | |0 852 |z Kein Bestand am IfK; Nachweis für KrimDok | ||
| LOK | |0 852 |a DE-21-110 | ||
| LOK | |0 852 1 |9 00 | ||
| LOK | |0 935 |a k110 | ||
| LOK | |0 939 |a 28-07-15 |b l01 | ||
| ORI | |a SA-MARC-krimdoka001.raw | ||
| TIM | |a 100019901003_100020261231 |b 1990-10-03 - 2026 | ||
